Clips de Michael Jackson - Statistiques

Statistiques générales
  • Ce quiz a été pris 777 fois
  • Le résultat moyen est 16 sur 24
Statistiques - réponses
Par images Réponse % Correct
Thriller
100%
Bad
97%
Smooth Criminal
89%
Beat It
86%
Billie Jean
85%
They Don't Care About Us
79%
Black or White
78%
Remember the Time
76%
Earth Song
75%
Rock with You
71%
Scream
68%
The Way You Make Me Feel
62%
Jam
61%
Speed Demon
60%
You Rock My World
60%
Liberian Girl
56%
Ghosts
55%
In the Closet
55%
Don't Stop 'Til You Get Enough
53%
Leave Me Alone
53%
Stranger in Moscow
51%
Blood on the Dance Floor
44%
She's Out of My Life
34%
Captain EO
23%
Aucun quiz correspondant
Distribution des résultats
% des personnes avec chaque résultat
Percentile par nombre de réponses
Votre historique - résultats
Vous n’avez pas pris ce quiz